000 00794cam a2200193 i 4500
020 _a9780262042857
020 _a9780262539623
041 _aENG
082 0 0 _a776
_bMIL
100 1 _aMiller, Arthur I.,
245 1 4 _aThe artist in the machine : The world of AI-powered Creativity
260 _aU.S.A
_bMIT Press
_c2020
300 _axxviii, 399 pages :
_billustrations ;
505 2 _aUnderstanding creativity -- Portrait of the computer as an artist -- Machines that make music : putting the 'rhythm into 'algorithm' -- Once upon a time : computers that tell stories -- The world's first computer-composed musical : Beyond the fence, staged by Android Lloyd Webber and friends.
650 0 _aArt and computers.
650 0 _aCreative ability.
650 0 _aComputer art.
942 _cBK
999 _c23582
_d23582